Loading...
| Literature - World | 0 | 8 | 1 | 0 | 75 | 30 | 57.75 | 3 | 7 | 0.00 | 0.00 |
| Literature - American | 0 | 7 | 0 | 1 | 70 | 24 | 64.43 | 3 | 6 | 0.00 | 0.00 |
| Literature - British | 0 | 7 | 1 | 0 | 65 | 28 | 77.00 | 3 | 6 | 0.00 | 0.00 |
| Literature - European | 0 | 6 | 1 | 2 | 55 | 58 | 88.83 | 3 | 5 | 0.00 | 0.00 |
| Fine Arts - Painting and Sculpture | 0 | 4 | 0 | 0 | 40 | 39 | 60.25 | 1 | 4 | 0.00 | 0.00 |
| Science - Biology | 0 | 4 | 1 | 0 | 35 | 34 | 57.00 | 2 | 4 | 0.00 | 0.00 |
| Religion | 0 | 2 | 0 | 0 | 20 | 82 | 86.00 | 0 | 1 | 0.00 | 0.00 |
| Geography | 0 | 2 | 0 | 0 | 20 | 51 | 73.00 | 1 | 1 | 0.00 | 0.00 |
| History - World | 0 | 2 | 0 | 0 | 20 | 71 | 80.00 | 1 | 1 | 0.00 | 0.00 |
| Mythology | 0 | 2 | 0 | 0 | 20 | 66 | 77.50 | 0 | 1 | 0.00 | 0.00 |
| Popular Culture | 0 | 2 | 0 | 0 | 20 | 54 | 59.00 | 0 | 0 | 0.00 | 0.00 |
| Social Science | 0 | 2 | 1 | 0 | 15 | 36 | 51.50 | 0 | 2 | 0.00 | 0.00 |
| Other Academic | 0 | 1 | 0 | 0 | 10 | 51 | 51.00 | 0 | 1 | 0.00 | 0.00 |
| Science - Physics | 0 | 1 | 0 | 1 | 10 | 126 | 126.00 | 0 | 0 | 0.00 | 0.00 |
| Fine Arts - Classical Music | 0 | 1 | 0 | 0 | 10 | 18 | 18.00 | 1 | 1 | 0.00 | 0.00 |
| Philosophy | 0 | 1 | 1 | 0 | 5 | 66 | 66.00 | 0 | 0 | 0.00 | 0.00 |
| Science - Chemistry | 0 | 1 | 1 | 0 | 5 | 65 | 65.00 | 0 | 1 | 0.00 | 0.00 |